000 00669nam a2200217 4500
001 137762
003 ES-MaACL
005 20231221192200.0
007 t|
008 070214s1955 sp ||||1| spa d
080 _a821.134.2-14"19"
100 1 _aSalinas, Pedro,
_d1891-1951
_9101942
245 1 0 _aPoesías completas
_b: Presagios, Seguro azar, Fábula y signo... /
_cPedro Salinas ; edición preparada y revisada por Juan Marichal.
260 _aMadrid :
_bAguilar,
_c1955.
300 _a487 p. ;
_c20 cm.
490 1 _aLiteraria
700 1 _aMarichal, Juan.
_976700
830 0 _aLiteraria
_9178137
852 _aES-MaACL
_jC-9823
999 _c137762
_d137762